00937nam a22002297a 4500999001900000005001700019010001500036020003000051035001400081037001300095082001200108100001500120245011000135260004400245270011100289300007000400700002000470700001700490700002800507942002600535952014600561 c178684d17868420210409170302.0 aENG-129426 c995.00a978-93-88016-59-9 aEN-112958 bDBAD/PUB a370.954 aVanaja, M. aContemporary India and Education/bM. Vanaja, G. Padma Tulasi and N. Sridevi; Edited by V. Dayakara Reddy aNew DelhibNeelkamal Publicationsc2020 a4764/1, 23, Ansari Road, DaryaganjbNew Delhie110002k011-23244237, 98118-28953mneelkamalbooks@gmail.com axi+268p.c24cm(hbk)bincluding bibliographical references, index. aG. Padma Tulasi aN. Srinivas  aReddy, V. Dayakara, Ed. 2ddccENh370.954mVAN 001040708NFICaBNbBNd2021-04-09eDBAD/PUBg995.00l2o370.954 VANpEN-112958r2023-02-18 00:00:00s2023-02-01t1v995.00w2021-04-09yEN